00280nam a2200121Ia 4500008004100000041000900041082001700050100001800067245002200085260003500107300000800142650000800150230718s9999 xx 000 0 und d aEng. a34,44bRIG-P aRight, Aatir  0aPolice order 2002 aPakistanbImian low bookc2009 a156 aLaw